Horror Movie Taglines - Statistics

General Stats
  • This quiz has been taken 40,113 times
    21,572 since last reset
  • The average score is 11 of 18
Answer Stats
Year Tagline Movie % Correct
1988 This doll is killer Child's Play
89%
2013 One night a year, all crime is legal The Purge
85%
1984 Whatever you do, don't fall asleep A Nightmare on Elm Street
84%
1999 I see dead people The Sixth Sense
82%
1978 Just when you thought it was safe to go back in the water Jaws 2
81%
1979 In space, no one can hear you scream Alien
75%
2004 Every puzzle has its pieces Saw
71%
1996 Don't answer the phone. Don't open the door. Don't try to escape. Scream
69%
1998 Check in. Unpack. Relax. Take a shower. Psycho (Remake)
64%
1978 The night HE came home Halloween
62%
1992 We dare you to say his name five times Candyman
58%
2000 Death doesn't take no for an answer Final Destination
52%
2007 The last man on Earth is not alone I Am Legend
44%
1987 He'll tear your soul apart Hellraiser
40%
1978 When there's no more room in hell, the dead will walk the earth Dawn of the Dead
39%
2014 If it's in a word. Or it's in a look. You can't get rid of ___ ________. The Babadook
38%
1982 Man is the warmest place to hide The Thing
32%
1974 Who will survive and what will be left of them? The Texas Chainsaw Massacre
27%
No matching quizzes found
Score Distribution
Percent of People with Each Score
Percentile by Number Answered
Your Score History
You have not taken this quiz since the last reset